00609cam a22001934a 4500001000500000005001700005020001500022040002300037050002300060082001400083100001900097245003200116260004100148300005200189505000600241520013100247521001900378521001800397143920250305111147.0 a0516221507 aDLCcDLCdDLCbeng00aDS556.3b.W53 200200a959.72211 aWillis, Terri.10aVietnam /cby Terri Willis. aNew York :bChildren's Press,c2002. a144 pages :bcolor illustrations, maps ;c24 cm aU aExamines the geography, history, and government of Vietnam, while highlighting its achievements in art, medicine and industry. a1030 bLexile aU bRaz-Plus